000 00821cam a22003015i 4500
999 _c523915
_d523915
001 18046120
003 NUST
005 20190611113954.0
008 140219s2014 ohu 000 0 eng
010 _a 2014933769
020 _a9781285057569
038 _aazhar
040 _aDLC
_beng
_cDLC
_erda
042 _apcc
082 _a621
_bSTA
100 1 _aStanisic, Michael.
_914737
245 1 0 _aMechanisms and machines :
_bkinematics, dynamics, and synthesis /
_cMichael Stanisic.
250 _aSi Ed.
263 _a1404
264 1 _aMason, OH :
_bCengage Learning,
_c2014.
300 _apages cm
336 _atext
_2rdacontent
337 _aunmediated
_2rdamedia
338 _avolume
_2rdacarrier
906 _a0
_bibc
_corignew
_d2
_eepcn
_f20
_gy-gencatlg
942 _2ddc
_cBK